| 000 | 00386cam a22001695i 4500 | ||
|---|---|---|---|
| 999 |
_c7762 _d7762 |
||
| 003 | OSt | ||
| 005 | 20200520135533.0 | ||
| 008 | 140206s2014 nyu 000 0 eng | ||
| 010 | _a 2014932783 | ||
| 020 | _a9780500291566 (paper) | ||
| 082 | _a720.92ROB | ||
| 100 | 1 | _aRobson, David. | |
| 245 | 1 | 0 |
_aBeyond Bawa / _cDavid Robson. |
| 263 | _a1409 | ||
| 300 | _apages cm | ||
| 942 | _2ddc | ||